Daily Quiz #11 - Statistics

General Stats
  • This quiz has been taken 31 times
  • The average score is 4 of 5
Answer Stats
Hint Answer % Correct
What is the capital of China? Beijing
88%
Which president was the only to be elected to four terms and implemented the New Deal? Franklin Roosevelt
85%
Which director made the films Jurassic Park, Indiana Jones, and Jaws? Steven Spielberg
85%
Where is the largest desert in the world? Antarctica
69%
Other than George Bush, which president also had his son elected as president? John Adams
62%
No matching quizzes found
Score Distribution
Percent of People with Each Score
Percentile by Number Answered
Your Score History
You have not taken this quiz